Engineering Drawing (Record no. 3435)

MARC details
000 -LEADER
fixed length control field 00268nam a2200121Ia 4500
008 - FIXED-LENGTH DATA ELEMENTS--GENERAL INFORMATION
fixed length control field 230312s9999||||xx |||||||||||||| ||und||
082 ## - DEWEY DECIMAL CLASSIFICATION NUMBER
Classification number 604.2
Item number PAR-E
100 ## - MAIN ENTRY--PERSONAL NAME
Personal name Parkinson;A,C
245 #0 - TITLE STATEMENT
Title Engineering Drawing
300 ## - PHYSICAL DESCRIPTION
Extent 190
650 ## - SUBJECT ADDED ENTRY--TOPICAL TERM
Topical term or geographic name entry element Engineering
942 ## - ADDED ENTRY ELEMENTS (KOHA)
Koha item type BOOK
Holdings
Withdrawn status Lost status Damaged status Not for loan Home library Current library Date acquired Total Checkouts Full call number Barcode Date last seen Price effective from Koha item type
        Superior Information Resource Center (SIRC) Superior University- Central Library Superior Information Resource Center (SIRC) Superior University- Central Library 03/13/2023   604.2 PAR-E 3449 06/05/2023 03/13/2023 BOOK

Powered by Koha